| 000 | 00403nam a2200157 a 4500 | ||
|---|---|---|---|
| 005 | 20140310183149.0 | ||
| 008 | 020826s19uu xx 00 eng d | ||
| 020 | _a071831005953 | ||
| 050 |
_aPS 3569.A5125 _b.Sa86 [ca.1990] |
||
| 100 | _aSanders, Lawrence | ||
| 245 |
_aSullivan sting / _cLawrence Sanders. |
||
| 300 |
_a362 p. : _c18 cm. |
||
| 650 | _aFiction | ||
| 942 |
_cBK _2lcc |
||
| 999 |
_c19609 _d19609 |
||